Capitals Containing Words #1 - Statistics

General Stats
  • This quiz has been taken 36 times
  • The average score is 9 of 12
Answer Stats
Word Capital % Correct
Lima Lima
94%
Victor Victoria
94%
Wind Windhoek
87%
Pest Budapest
81%
Ville Libreville
81%
Rest Bucharest
77%
South South Tarawa
74%
Long Lilongwe
71%
Rose Roseau
71%
Man Manama
61%
Pan Belmopan
58%
Gap Singapore
23%
No matching quizzes found
Score Distribution
Percent of People with Each Score
Percentile by Number Answered
Your Score History
You have not taken this quiz